000 00711nam a22002057a 4500
999 _c19713
_d19713
003 AR-CdUCM
008 190222b ||||| |||| 00| 0 spa d
040 _aMUNICIPALIDAD PROVINCIAL DEL CUSCO
_cBIBLIOTECA MUNICIPAL DEL CUSCO
082 _a869.9533 /
_bT69
100 _aTorres, Edelberto
_941229
245 _aLa dramática vida de Rubén Darío /
260 _aMéxico :
_bGandesa,
_c1958.
300 _a353 páginas ;
_bIlustraciones.
_c25 cm.
505 _aContenido: El viaje prenatal -- El poeta niño -- Sobre las aguas del lago Xolotlán - El cantor de Bolívar...
650 _aRuben Dario
_914253
650 _aCronología
_963
650 _aBiografía
_922
942 _2ddc
_cLIBROS
945 _arcc